000 00288nam a22001217a 4500
008 171031b xxu||||| |||| 00| 0 eng d
041 _aeng
080 _26 ED
_a33
100 _a59
101 _aBUS
245 _aBUSINESS DECISION MAKING TEXT AND CASES
_cGRASBY.C
942 _2udc
_cBK
999 _c36852
_d36852